|
|
|
|
| LEADER |
00000nab a2200000 a 4500 |
| 001 |
vtls001517110 |
| 003 |
SK-MaSNL |
| 005 |
20260318132825.0 |
| 008 |
160405c20050225xo |||||| | 000 b|hun |
| 015 |
|
|
|a SNBRB2005/02
|2 snkbucl
|
| 038 |
|
|
|a SNKBUCL
|
| 040 |
|
|
|a DSZK
|b slo
|c DSZK
|e AACR2
|
| 041 |
0 |
|
|a hun
|
| 044 |
|
|
|a xo
|c SK
|
| 080 |
|
|
|a 792.071.2
|2 1997
|
| 080 |
|
|
|a 792.2
|2 1997
|
| 100 |
1 |
|
|a Zselinsky, Miroslav
|4 ivr
|4 aut
|9 1027539
|
| 245 |
1 |
0 |
|a A tisztesség: szabadság
|b beszélgetés Görög László Jászai-díjas színművésszel
|c [beszélgetett] Zselinsky Miroslav
|
| 300 |
|
|
|b Fotogr.
|
| 600 |
1 |
7 |
|a Görög, László,
|d 1964-
|2 snkbucl
|9 1075349
|
| 600 |
1 |
7 |
|a Schiller, Friedrich,
|d 1759-1805
|t Úklady a láska
|2 snkbucl
|9 561124
|
| 610 |
2 |
7 |
|a Jókaiho divadlo v Komárne - Komáromi Jókai Színház
|2 snkbucl
|9 32950
|
| 700 |
1 |
|
|a Görög, László,
|d 1964-
|4 ive
|4 aut
|9 1075349
|
| 773 |
0 |
|
|t Új szó
|g Évf. 58, sz. 46 (25.2.2005), o. 8
|
| 852 |
|
|
|a SNK
|b KIS3GCP
|
| 852 |
|
|
|a DSZK
|b KIS3GCP
|
| 958 |
|
|
|a HU
|
| 958 |
|
|
|a SK
|
| 999 |
|
|
|c 2154151
|d 2156081
|